| 000 | 00954 a2200241 4500 | ||
|---|---|---|---|
| 001 | 42318 | ||
| 005 | 20260407155713.0 | ||
| 008 | 260407a2015 arg spa d | ||
| 003 | AR-UNSa-BCEJYS | ||
| 040 |
_aAR-UNSa-BCEJYS _bspa _cAR-UNSa-BCEJYS |
||
| 080 |
_a336.221.5 _xFacturación y registración |
||
| 245 | 1 | 0 | _aFactura electrónica |
| 020 | _a978-987-01-1819-0 | ||
| 250 | _a4a. ed. | ||
| 264 | 1 |
_aBuenos Aires : _bErrepar _c2015 |
|
| 300 |
_axi, 138 p. _c27 cm. |
||
| 505 | _a1. Definición de factura electrónica. Ventajas y desventajas. Régimen de registración - 2. Historia del régimen - 3. Regímenes vigentes - 4. Aspectos prácticos - 5. Monotributo - 6. Consultas frecuentes - 7. Casos controvertidos | ||
| 041 | _aspa | ||
| 942 | _cBK | ||
| 590 | _aniveau_biblio:m niveau_hierar:0 | ||
| 100 | 1 | _aD´Agostino, Hernán Miguel | |
| 856 | 4 | 1 |
_uhttps://biblioeco.unsa.edu.ar/pmb/images/libros/L126505.jpg _yImagen de portada _qimage/jpeg |
| 999 |
_c3601 _d3601 |
||